عرض عادي
عرض مارك
- Suciu, Dan.
مدخل إسم شخص
001 - رقم الضبط
- حقل الضبط: 8460
003 - معرف رقم الضبط
- حقل الضبط: OSt
005 - تاريخ ووقت أخر عملية
- حقل الضبط: 20111214172418.0
008 - عناصر بيانات ثابتة الطول
- حقل تحكم ثابت الطول: 111214|||a|||||| | ||| d
040 ## - مصدر الفهرسة
- هيئة الفهرسة الأصلية: OSt
- وكالة الكتابة: OSt
100 ## - مدخل -- أسم شخص
- إسم شخص: Suciu, Dan.
670 ## - بيانات المصدر موجوده
- الاستشهاد بالمصدر: Work cat.: (OSt)3728: International Workshop on Database Programming Languages (9th : 2003 : Potsdam, Germany) 8457, Database programming languages :, 2004.
